Countries A-Z with the Most Ranked Universities - Statistics

General Stats
  • This quiz has been taken 39 times
  • The average score is 19 of 22
Answer Stats
Letter # of ranked universities Country % Correct
U 195 United States
100%
C 80 China
97%
F 34 France
97%
G 48 Germany
97%
A 38 Australia
95%
J 49 Japan
95%
O 2 Oman
95%
R 47 Russia
95%
B 35 Brazil
92%
D 5 Denmark
92%
I 46 India
92%
Q 2 Qatar
89%
M 32 Mexico
87%
V 7 Venezuela
87%
P 22 Poland
84%
S 43 South Korea
84%
H 10 Hungary
79%
E 15 Egypt
76%
K 21 Kazakhstan
76%
N 13 Netherlands
76%
T 27 Taiwan
66%
L 6 Lebanon
47%
No matching quizzes found
Score Distribution
Percent of People with Each Score
Percentile by Number Answered
Your Score History
You have not taken this quiz